Regional outlook : Southeast Asia 2006-2007

Bibliographic Details
Format: Book
Published: Singapore : Institute Of Southeast Asia Studies , 2006
Subjects:

MARC

LEADER 00000cam a2200000 7i4500
001 0000020268
005 20080625.0
008 080624
020 |a 9812303707 
090 0 0 |a 959.005   |b REG 
245 1 0 |a Regional outlook :   |b Southeast Asia 2006-2007   |c Editors Russell H.K. Heng ; Rahul Sen 
260 |a Singapore :   |b Institute Of Southeast Asia Studies ,   |c 2006 
650 0 |a Economic forecasting   |x southeast Asia   |x penodicals 
650 0 |a Southeast Asia   |x economic conditions   |x periodicals 
650 0 |a Southeast Asia   |x periodicals 
650 0 |a Southeast Asia   |x politics and government   |x 1945   |x five casting   |x periodicals 
999 |a 0001021860   |b Book   |c Adult Collection   |e Perbadanan Perpustakaan Awam Johor